Classement Rugby Top 14 2023/2024 - Statistiques

Statistiques générales
  • Ce quiz a été pris 477 fois
  • Le résultat moyen est 9 sur 14
Statistiques - réponses
Classement Points Equipes % Correct
1ere 76 Stade Toulousain
99%
2ème 75 Stade Français
81%
3ème 69 Bordeaux Bègles
78%
4ème 69 RC Toulon
74%
5ème 66 Stade Rochelais
70%
6ème 62 Racing 92
65%
7ème 62 Castres Olympique
57%
13ème 44 Montpellier
54%
8ème 61 ASM Clermont
53%
14ème 34 Oyonnax Rugby
53%
11ème 55 Lyon OU
51%
9ème 60 Section Paloise
50%
10ème 58 USA Perpignan
46%
12ème 52 Aviron Bayonnais
44%
Aucun quiz correspondant
Distribution des résultats
% des personnes avec chaque résultat
Percentile par nombre de réponses
Votre historique - résultats
Vous n’avez pas pris ce quiz